000 00316nam a22001337a 4500
008 170619b xxu||||| |||| 00| 0 eng d
020 _a9780312220174
041 _aeng
080 _23RD
_a32
100 _a20
101 _aSHP
245 _aTHE UNITED NATIONS AT THE END OF THE 1990S
_cBAEHR,P.R
942 _2udc
_cBK
999 _c18160
_d18160